000 00720nam a22002417a 4500
005 20170124110216.0
010 _aB-163280
020 _c195.00
_a9780195675900
035 _aB-163280
037 _bCen Lib/Ret
040 _aDPL
_bEN
082 _a954.21
_bDHA
100 _aDhavalikar, M. K.
_939124
245 _aMonumental legacy sanchi /
_cby M. K. Dhavalinkar
250 _a2nd ed
260 _aNew Delhi
_bOxford Universty Press
_c2003
270 _bNew Delhi
_aYMCA Building, Jai Singh Road
_e110001
300 _axii,121p.:
_c20cm(Hb)
_bill.
500 _aIncludes glossary
650 _aBuddhist art
_939125
650 _aArt and religion
_939126
942 _2ddc
_cEN
_h954.21
_mDHA
999 _c133864
_d133864